| 000 | 00445nam a2200157 4500 | ||
|---|---|---|---|
| 001 | 144725 | ||
| 003 | ES-MaACL | ||
| 005 | 20230906201101.0 | ||
| 007 | t| | ||
| 008 | 070214s1904 sp r ||||1| spa d | ||
| 100 | 1 |
_aSilvela, Eugenio. _9106423 |
|
| 245 | 1 | 0 |
_aEnsayos de política y administración / _cEugenio Silvela. |
| 260 |
_aMadrid : _bRevista de Legislación, _c1904. |
||
| 300 |
_aVII, 288 p. ; _c18 cm. |
||
| 852 |
_aES-MaACL _jF-12601 |
||
| 999 |
_c144725 _d144725 |
||